00893cam a2200265 a 45000010005000000030006000050050017000110080041000280100017000690200015000860400023001010500017001240820008001411000027001492450059001762500041002352600034002763000041003105050007003515200182003585210018005405210018005586500033005766500018006096062FISKH20250305090207.0990318s2000 nyua c 000 1 eng  a 99025534  a0590631187 aDLCcDLCdDLCbeng a PZ7.D3696 S a8131 aDelacre, Lulud(1957-)10aSalsa stories /cstories and linocuts by Lulu Delacre. aThis edition first published in 2000 aNew York :bScholastic,c2000 a105 pages :billustrations ;c20 cm. aR  aA collection of stories within the story of a family celebration where the guests relate their memories of growing up in various Latin American countries. Also contains recipes.8 a760 bLexile 8 aR bRaz-Plus  2MulticulturalaLatin America 2RecipesaFood